MDQL
is popping MORE tags! Check the
thread
!
Quizzes
Events
Quiz Creation
Community
Videos
Private Events
Remove Ads
Sign In
Join for FREE
Feedback
Dark Mode
Quiz Categories
Sports
Geography
Music
Movies
Television
Just For Fun
Miscellaneous
History
Literature
Language
Science
Gaming
Entertainment
Religion
Holiday
For Kids
Quiz Lab
Recent
Popular Today
Quiz Kudos Today
Editor Picks
Curator Picks
Quizzes by...
Day
Popularity
Type
Ratings
Length
Year
Community
Subscriptions
Recent Discussions
Orange Saloon
Badges
Playlists
Quests
Create
Leaderboards
Showdown
Live 5
Trivia Bingo
Activity
Puzzle Library
Sporcle Events
Private Events
Virtual Trivia
Globe League
Become a Host
Pub Owners
SporcleCon
Opinionation
Our Games
Videos
Blog
Mobile Apps
Partnerships
Remove Ads and Go Orange
Feedback
Miscellaneous
Crossword
General Knowledge
Baby Names
Logo
Food
Cars
Numbers
Grab Bag
University
College
Popular
Company
Slogans
Restaurants
Justice
Letter
Miscellaneous
Crossword
General Knowledge
Baby Names
Logo
Food
Cars
Numbers
Grab Bag
University
College
Popular
Company
Slogans
Restaurants
Justice
Letter
Random Quiz
Search Sporcle
×
Quiz Lab
Quiz Lab
Miscellaneous
Beer
Select answers by clicking on text or image buttons
Select answers by clicking on text or image buttons
Clickable
Best Score? Go Orange.
BJCP Styles by Commercial Example Stats
Can you pick the BJCP Styles by Commercial Example?
By
drewbug17
10m
80 Questions
24 Plays
24 Plays
24 Plays
Comments
Comments
Give Quiz Kudos
Give Quiz Kudos
-
- Ratings
hide this ad
More Info
Forced Order
Answers have to be entered in order
Answers have to be entered in order
Replay
Link that replays current quiz
Next Quiz
Link to next quiz in quiz playlist
You Got
0%
They Got
Avg Score
22%
Avg Friend Score
Upgrade to see
Score Distribution
Jump to the score distribution portion of the page
Score
0/80
Timer
10:00
0
Plays Today
% Correct
Light American Lager
50%
Oktoberfest|Marzen
50%
Dry Stout
50%
Belgian Blond Ale
50%
Doppelbock
45.8%
Dunkelweizen
45.8%
Witbier
45.8%
Bohemian Pilsner
41.7%
Weizen|Weissbier
41.7%
Biere de Garde
41.7%
American IPA
37.5%
Cream Ale
37.5%
California Common Beer
37.5%
Scottish Light 60|-
37.5%
Fruit Lambic
37.5%
Belgian Dubbel
37.5%
Premium American Lager
33.3%
Munich Dunkel
33.3%
American Wheat or Rye Beer
33.3%
American Amber Ale
33.3%
Brown Porter
33.3%
Baltic Porter
33.3%
American Stout
33.3%
Russian Imperial Stout
33.3%
Blonde Ale
29.2%
American Brown Ale
29.2%
Robust Porter
29.2%
Imperial IPA
29.2%
Belgian Golden Strong
29.2%
American Barleywine
29.2%
Other Smoked Beer
29.2%
English IPA
25%
Standard American Lager
25%
Schwarzbier
25%
American Pale Ale
25%
Southern English Brown
25%
Flanders Red Ale
25%
Gueuze
25%
Belgian Dark Strong
25%
Dark American Lager
20.8%
% Correct
Standard|Ordinary Bitter
20.8%
Scottish Export 80|-
20.8%
Sweet Stout
20.8%
Saison
20.8%
Straight (Unblended) Lambic
20.8%
Belgian Tripel
20.8%
Fruit Beer
20.8%
Munich Helles
16.7%
Traditional Bock
16.7%
Dusseldorf Altbier
16.7%
Oatmeal Stout
16.7%
Weizenbock
16.7%
Berliner Weisse
16.7%
Christmas|Winter Specialty Spiced Beer
16.7%
Wood Aged Beer
16.7%
Maibock|Helles Bock
12.5%
Irish Red Ale
12.5%
Northern English Brown
12.5%
Flanders Brown Ale|Oud Bruin
12.5%
Classic American Pilsner
8.3%
Eisbock
8.3%
Special|Best|Premium Bitter
8.3%
Strong Scotch Ale
8.3%
Belgian Pale Ale
8.3%
Old Ale
8.3%
German Pilsner
4.2%
Vienna Lager
4.2%
Kolsch
4.2%
Extra Special|Strong Bitter
4.2%
Mild
4.2%
Foreign Extra Stout
4.2%
Belgian Specialty Ale
4.2%
English Barleywine
4.2%
Spice, Herb, or Vegetable Beer
4.2%
Specialty Beer
4.2%
Dortmunder Export
0%
Northern German Altbier
0%
Scottish Heavy 70|-
0%
Roggenbier
0%
Classic Rauchbier
0%
Quiz Playlist
Details
Report
Send in Message
Add To Playlist
More Info:
These are all commercial examples listed in the BJCP style guidelines. Note that 2c does not list any specific commercial styles.
Clickable:
Select answers by clicking on text or image buttons
Forced Order:
Answers have to be entered in order
Quiz Source
Last Updated: Feb 16, 2017
Quiz Scoreboard
CHALLENGE
Sign Up to Join the Scoreboard
Show All
Scores
Hide
Comments
May contain spoilers
Recently Published
Street Fighter Characters
by Artimus82
Gaming
60s
9x9 Crossword: Cartoon Network
by jackfrog10
Miscellaneous
3m
College Basketball Coaching Resumes
by pancakes188
Sports
9m
More to Explore
Quiz From the Vault
Featured Blog Post
Where Did the Easter Bunny Come From?
hide this ad
You Might Also Like...
Tags
Beer
Today's Top Quizzes in Miscellaneous
Browse Miscellaneous
hide this ad
Today's Top Quizzes in Beer
Browse Beer
Top Contributed Quizzes in Miscellaneous
1
5-to-1: Fast Food
2
The JOE quick-fire general knowledge quiz: Day 174
3
The JOE quick-fire general knowledge quiz: Day 173
4
5-to-1: Cocktails
5
The JOE quick-fire general knowledge quiz: Day 172
6
Sunday Crossword: Famous Bodies of Water
7
9x9 Crossword: Disney Movie Titles
8
The JOE quick-fire general knowledge quiz: Day 171
9
Named After an Animal - Odd One Out!
10
One Thing in Common: United Kingdom II
Explore More
Trending Topics
NBA
Kpop
Crossword
Harry Potter
Disney
Marvel
Anime
Soccer
The Office
WWE
Pokémon
Song
NFL
Puzzle
Country
hide this ad
More By:
drewbug17
Quiz
Plays
Rating
Category
Featured
Created
NBA 30-20 Games
3,513
4.64
Sports
Mar 11, 2011
All time AL MVP Votes
1,309
4.39
Sports
Dec 1, 2009
Pascal's Triangle
882
4.11
Science
Dec 1, 2009
2006-2009 AL MVP Votes
500
3.33
Sports
Nov 25, 2009
Career OPS over 1.000
358
4.33
Sports
Sep 9, 2010
Go to Creator's Profile
Score Distribution
Quiz Creator Spotlight
drewbug17
Follow
Send a Message
Quizzes Created
-
Created Quiz Play Count
-
More By This Creator
Popular Quizzes Today
1
Find the US States - No Outlines Minefield
2
Find the Countries of Europe - No Outlines Minefield
3
The Countries of the World
4
Find the US States
5
Risky Map Clicking: Biggest States A-Z
6
US States
7
Popular People in 1961
8
Movies - When Are They Set?
More Miscellaneous Quizzes
Which Airline Alliance?
Quiz Lab
Trending Quizzes
Risky Map Clicking: Least Populous States A-Z
1-10 Letter G Words
Risky Map Clicking: Next State Alphabetically
Adjectives in 80s TV Shows
The Seven Year Switch: Catherine
Recently Updated
Leaping Animals
pecheneg
Reality TV Shows (A-Z)
bhenderson79
Rickey Henderson's Hall of Fame Teammates
pecheneg
Champions League XIs: Arsenal
pecheneg
Quick Pick: Celebrities in WWE's Hall of Fame
aduchscher
A-Z Keypad Blitz II
pecheneg
Multiple Oscar Actors
pecheneg
Mystery Phrase Blitz: Oscar 'Best Actors'
pecheneg
F. Scott Fitzgerald Novels
LTH
Pick 3 Villains
ddd62291
Trending Topics
Kpop
Anime
Marvel
Crossword
Disney
NBA
Harry Potter
Soccer
Song
NFL
Pokémon
Country
WWE
Puzzle
The Office
Your Account Isn't Verified!
In order to create a playlist on Sporcle, you need to verify the email address you used during registration. Go to your
Sporcle Settings
to finish the process.
Report this User
Report this user for behavior that violates our
Community Guidelines
.
Details:
Send Report
Go to the Sporcle.com Mobile Site →
Comments